000 00683nam a2200217Ia 4500
008 191130s2006##################000#0#eng##
020 _a9780521850087
022 _a2006299536
040 _aACL
_cACL
082 _a592.33138 KEN
100 _aKennedy, Clive Russell
245 _aEcology of the acanthocephala
_cC.R. Kennedy
260 _aCambridge
_bCambridge University Press
_c2006
300 _aix, 249 p. : ill., maps ; 24 cm
500 _aIncludes bibliographical references (p. 211-240) and index
650 _aAcanthocephala - Ecology
650 _aAcanthocephala - Evolution
990 _a99c9e1a7ac10000c5564052ae991f787
991 _a208687
999 _c155888
_d155888